| 000 | 00538nam a2200169 i 4500 | ||
|---|---|---|---|
| 001 | 141146 | ||
| 003 | ES-MaACL | ||
| 005 | 20230906200230.0 | ||
| 007 | t| | ||
| 008 | 070919s1961 sp ||||1| spa d | ||
| 080 | _a726.75(462.21 Yuste) | ||
| 245 | 0 | 0 |
_aYuste _b: [estudios sobre el Monasterio de Yuste]. |
| 260 |
_aCuacos de Yuste : _bCaballeros del Monasterio de Yuste, _c[1961] ( _eZaragoza : _fEl Noticiero) |
||
| 300 |
_a160 p. : _bil. ; _c20 cm. |
||
| 610 | 2 | 4 |
_aMonasterio de Yuste. _95755 |
| 852 |
_aES-MaACL _jC-20341 _bR.48464 |
||
| 999 |
_c141146 _d141146 |
||